000 00266nam a22001097a 4500
999 _c2900
_d2900
008 190405e1995 ag ||||| |||| 00| 0 spa d
100 1 _aCameron, Robert
245 _aOncologia practica
250 _a1a ed.
260 _aBuenos Aires
_bPanamericana
_c1995
500 _3Baja